| 000 | 01199 a2200325 4500 | ||
|---|---|---|---|
| 999 |
_c200043773 _d34944 |
||
| 001 | 200043773 | ||
| 003 | TR-AnTOB | ||
| 005 | 20230911144839.0 | ||
| 007 | ta | ||
| 008 | 111208s 20 tu 000 0 | ||
| 020 | _a9788984213234 | ||
| 040 |
_aTR-AnTOB _beng _erda _cTR-AnTOB |
||
| 041 | _aeng | ||
| 050 |
_aJC599.K72 _bN67 2010 |
||
| 090 | _aJC599.K72.N67 2010 | ||
| 245 | 1 | 0 |
_aNorth Korea : _bDevelopment human rights and democracy / _cNort Korea modernization research group. |
| 264 | 1 |
_aNouth korea: _bkyungnam university, _c2010. |
|
| 300 |
_a132pages ; _billustrations : _c19 cm. |
||
| 336 |
_atext _2rdacontent _btxt |
||
| 337 |
_aunmediated _2rdamedia _bn |
||
| 338 |
_avolume _2rdacarrier _bnc |
||
| 505 | _a1. Executive Summary -- 2. North Korea's Current Challenges -- 3. The International Community's Engagement with North Korea -- 4. Conclusion | ||
| 650 | 0 |
_aDemocracy _zKorea (North) _979355 |
|
| 650 | 0 |
_aEconomics _zKorea (North) _979357 |
|
| 650 | 0 |
_aİnsan hakları _zKore (Kuzey) _2etuturkob _979354 |
|
| 650 | 0 |
_aHuman rights _zKorea (North) _979356 |
|
| 710 | 2 |
_aKyŏngnam Taehakkyo. _bNorth Korea Modernization Research Group _979352 |
|
| 942 |
_cBK _2lcc |
||